| 000 | 00698nam a22002297a 4500 | ||
|---|---|---|---|
| 999 |
_c203 _d203 |
||
| 003 | AR-CdUCM | ||
| 008 | 190222b ||||| |||| 00| 0 spa d | ||
| 040 |
_aMUNICIPALIDAD PROVINCIAL DEL CUSCO _cBIBLIOTECA MUNICIPAL DEL CUSCO |
||
| 041 | _hfre | ||
| 082 |
_211ed. _a848.94 / _bSA26 |
||
| 100 |
_aSartre, Jean Paul _9911 |
||
| 245 | _aLas palabras / | ||
| 260 |
_aBuenos Aires : _bLosada, _c1964. |
||
| 300 |
_a159 páginas ; _c18 cm. |
||
| 440 |
_aBiblioteca clásica y contemporánea. _9912 |
||
| 650 |
_aLiteratura francesa _9913 |
||
| 650 |
_aTexto autobiográfico _9914 |
||
| 650 |
_aTestimonios _9915 |
||
| 700 |
_a Lamana, Manuel (traductor) _9916 |
||
| 942 |
_2ddc _cLIBROS |
||
| 945 | _azta | ||